000 00321nam a22001337a 4500
020 _a0-600-32123-1
082 _a823
_bBLY/C
100 _aENID BLYTON
245 _aTHE CHILDREN OF CHERRY-TREE FARM
260 _aLONDON
_bBEAVER BOOKS
_c1979
300 _a158
650 _aCHILDREN'S STORY BOOK
_zUNITED KINGDOM
942 _cBK
999 _c181
_d181